Nonlinear integrable equations : recurssion operators, group-theoretical and Hamiltonian structures of soliton equations
Αποθηκεύτηκε σε:
| Κύριος συγγραφέας: | |
|---|---|
| Μορφή: | Βιβλίο |
| Γλώσσα: | English |
| Δημοσίευση: |
Berlin :
springer-Verlag,
c1987
|
| Σειρά: | Lecture notes in physics ;
; 270 |
| Θέματα: | |
| Ετικέτες: |
Προσθήκη ετικέτας
Δεν υπάρχουν, Καταχωρήστε ετικέτα πρώτοι!
|
MARC
| LEADER | 00000nam a2200000 i 4500 | ||
|---|---|---|---|
| 001 | 1/26885 | ||
| 008 | 941103s1987 eng d | ||
| 020 | |a 3-540-17567-9 | ||
| 035 | |a 1988 |l 10037691 | ||
| 040 | |a GR-MY-UA |b gre |e aacr | ||
| 041 | 0 | |a eng | |
| 082 | 0 | |a 515.355 | |
| 100 | 1 | |a Konopelchenko, Boris Georgievich |d 1948- | |
| 245 | 1 | 0 | |a Nonlinear integrable equations : |b recurssion operators, group-theoretical and Hamiltonian structures of soliton equations / |c B.G. Konopelchenko |
| 246 | 3 | 3 | |a Recursion operators, group theoretical and Hamiltonian structures of solitons equations |
| 260 | |a Berlin : |b springer-Verlag, |c c1987 | ||
| 300 | |a 361 p.; |c 25 cm. | ||
| 490 | 1 | |a Lecture notes in physics |v ; 270 | |
| 500 | |a Includes bibliographical refernces | ||
| 650 | 0 | 0 | |a Differential equations, Nonlinear. |
| 650 | 0 | 0 | |a Spectral theory (Mathematics) |
| 650 | 0 | 0 | |a Transformations (Mathematics) |
| 650 | 0 | 0 | |a Solitons. |
| 830 | 0 | |a Lecture notes in physics ; |v ; 270 | |
| 852 | |a INST |b SAMOS |e 19941103 |h 515.355 KON |p 005300002934 |q 005300002934 |t BK |y 0 | ||
| 909 | |a Σ |b 009260 | ||